Australian True or False - Statistics

General Stats
  • This quiz has been taken 102 times
  • The average score is 13 of 13
Answer Stats
Question Answer % Correct
Brisbane is Located in the tropics? F
100%
More people live in NSW than Victoria? T
100%
WA is the largest state? T
100%
Hobart is further south than NZ? F
99%
Sydney is closer to the equator than Perth? F
97%
You can drive from Brisbane to Melbourne in under 12 hours? F
97%
Perth i the city of churches? F
96%
Melbourne is its sporting capital? T
96%
Has more than 4 time zones? T
96%
Tasmania is the smallest state by size? T
96%
Melbourne has hosted an olympics? T
96%
Sydney has more people than NZ? F
95%
Canberra is the largest inland city? T
95%
No matching quizzes found
Score Distribution
Percent of People with Each Score
Percentile by Number Answered
Your Score History
You have not taken this quiz